[Event "Merv Morrison Memorial Open"]
[Site "Auckland"]
[Date "2012.10.21"]
[Round "5.5"]
[White "Pinic"]
[Black "Gibbons"]
[Result "1-0"]
[WhiteElo "2251"]
[BlackElo "2086"]
[PlyCount "75"]
[EventDate "2012.??.??"]

1. Nf3 Nf6 2. d4 g6 3. Nc3 d5 4. Bg5 Bg7 5. Bxf6 Bxf6 6. e4 dxe4 7. Nxe4 Bg7 8.
Bc4 O-O 9. h3 b6 10. c3 Ba6 11. Bb3 Nd7 12. Qc2 c5 13. dxc5 Nxc5 14. Nxc5 bxc5
15. Rd1 Qc7 16. c4 Bb7 17. O-O Bxf3 18. gxf3 Bd4 19. Kg2 Qe5 20. Rfe1 Qg5+ 21.
Kf1 Qh4 22. Kg2 Rad8 23. Re4 Qf6 24. Rde1 Bxb2 25. R1e2 Bd4 26. Rxe7 a6 27. Qc1
Rd6 28. Ba4 Re6 29. R7xe6 fxe6 30. Bc6 Rb8 31. Rxe6 Qf5 32. Bd5 Kh8 33. Rxa6 g5
34. Qe1 Qc2 35. Re6 Rb2 36. Re8+ Kg7 37. Rg8+ Kh6 38. Qe6+ 1-0

[Event "Merv Morrison Memorial Open"]
[Site "Auckland"]
[Date "2012.10.22"]
[Round "6.1"]
[White "Hague"]
[Black "Pinic"]
[Result "1-0"]
[WhiteElo "2436"]
[BlackElo "2251"]
[PlyCount "55"]
[EventDate "2012.??.??"]

1. d4 g6 2. Nf3 Bg7 3. g3 Nf6 4. Bg2 O-O 5. O-O c5 6. c4 cxd4 7. Nxd4 Nc6 8.
Nc3 a6 9. Nc2 d6 10. b3 Bf5 11. e4 Be6 12. Bb2 Re8 13. Nd5 Bxd5 14. cxd5 Ne5
15. f4 Ned7 16. e5 dxe5 17. fxe5 Nxd5 18. Qxd5 e6 19. Qxb7 Rb8 20. Qe4 Rc8 21.
Ne3 Qb6 22. Kh1 Nc5 23. Nc4 Qb8 24. Qf3 Re7 25. Rad1 Nd7 26. Ba3 Rxc4 27. Bxe7
Nxe5 28. bxc4 1-0

[Event "Merv Morrison Memorial Open"]
[Site "Auckland"]
[Date "2012.10.22"]
[Round "6.2"]
[White "Koop, Thorben"]
[Black "Gao"]
[Result "1/2-1/2"]
[WhiteElo "2165"]
[BlackElo "2189"]
[PlyCount "85"]
[EventDate "2012.??.??"]

1. Nf3 Nf6 2. g3 g6 3. b3 Bg7 4. Bb2 O-O 5. Bg2 d6 6. d4 e5 7. dxe5 Ng4 8. h3
Nxe5 9. Nxe5 dxe5 10. Qxd8 Rxd8 11. Nd2 Nc6 12. O-O-O Bf5 13. g4 Be6 14. Ne4
Rxd1+ 15. Rxd1 Rd8 16. Rxd8+ Nxd8 17. g5 Bd5 18. h4 c6 19. e3 Bxe4 20. Bxe4 Ne6
21. b4 a6 22. a4 f6 23. b5 axb5 24. axb5 fxg5 25. bxc6 bxc6 26. hxg5 Nxg5 27.
Bxc6 e4 28. Bd5+ Kf8 29. Ba3+ Ke8 30. Bd6 Kd7 31. Bg3 Bc3 32. Kd1 Bb4 33. Ke2
Bc3 34. Bf4 Nh3 35. Bh6 Ng1+ 36. Kf1 Nf3 37. Kg2 Ne1+ 38. Kg3 Nxc2 39. Kf4 Nb4
40. Bxe4 Ke6 41. Bf8 Nd5+ 42. Kf3 Ne7 43. Bxe7 1/2-1/2

[Event "Merv Morrison Memorial Open"]
[Site "Auckland"]
[Date "2012.10.22"]
[Round "6.3"]
[White "Yang"]
[Black "Thornton"]
[Result "1-0"]
[WhiteElo "2103"]
[BlackElo "2211"]
[PlyCount "126"]
[EventDate "2012.??.??"]

1. d4 Nf6 2. Nf3 e6 3. c4 b6 4. g3 Bb7 5. Bg2 Be7 6. O-O O-O 7. Nc3 Ne4 8. Qc2
Nxc3 9. Qxc3 Be4 10. Rd1 d6 11. Be3 Nd7 12. Ne1 Bxg2 13. Nxg2 Qc8 14. Rac1 Rd8
15. a3 a5 16. b4 Bf6 17. Qb3 axb4 18. axb4 Qa6 19. b5 Qa2 20. Qd3 e5 21. d5 Ra3
22. Rd2 Qb3 23. Qxb3 Rxb3 24. Ra2 e4 25. Bd2 Bd4 26. Ne3 Bxe3 27. Bxe3 Kf8 28.
Kf1 Ne5 29. Bf4 Ke7 30. Ke1 Rb4 31. Bxe5 dxe5 32. e3 Kd6 33. c5+ bxc5 34. Ra6+
Ke7 35. Rxc5 Rd7 36. Ra7 Kd8 37. Ra8+ Ke7 38. Rc8 Kd6 39. Rc6+ Kxd5 40. R8xc7
Rxb5 41. Rxd7+ Kxc6 42. Rxf7 Rb7 43. Rxb7 Kxb7 44. Kf1 Kc6 45. Kg2 Kd5 46. Kh3
Ke6 47. Kg4 Kf6 48. Kh5 Kf5 49. h3 h6 50. g4+ Kf6 51. h4 Kf7 52. g5 hxg5 53.
hxg5 Kg8 54. Kg6 Kh8 55. Kf5 Kh7 56. Kxe5 Kg6 57. Kxe4 Kxg5 58. Ke5 Kg4 59. f4
Kf3 60. e4 Ke3 61. Kf5 Kd4 62. e5 Kd5 63. Kg6 Kd4 1-0

[Event "Merv Morrison Memorial Open"]
[Site "Auckland"]
[Date "2012.10.22"]
[Round "6.4"]
[White "Goodhue"]
[Black "Bennett"]
[Result "1/2-1/2"]
[WhiteElo "2118"]
[BlackElo "2117"]
[PlyCount "60"]
[EventDate "2012.??.??"]

1. c4 Nf6 2. g3 g6 3. Bg2 Bg7 4. Nc3 O-O 5. d3 d6 6. e4 e5 7. Nge2 c6 8. O-O
Be6 9. h3 Qd7 10. Kh2 Na6 11. f4 h5 12. b3 Nc7 13. d4 exd4 14. Nxd4 c5 15. Nxe6
Nxe6 16. Bb2 Nd4 17. Ne2 h4 18. g4 Rfe8 19. Nxd4 Nxe4 20. Qc2 Ng3 21. Rfe1 cxd4
22. Qd3 Rxe1 23. Rxe1 Re8 24. Rxe8+ Qxe8 25. Bxd4 Bxd4 26. Qxd4 Qe2 27. Qd5 Qf2
28. Qf3 Nf1+ 29. Kh1 Ng3+ 30. Kh2 Nf1+ 1/2-1/2

[Event "Merv Morrison Memorial Open"]
[Site "Auckland"]
[Date "2012.10.22"]
[Round "6.5"]
[White "Power"]
[Black "Milligan"]
[Result "1/2-1/2"]
[WhiteElo "1945"]
[BlackElo "2099"]
[PlyCount "51"]
[EventDate "2012.??.??"]

1. d4 Nf6 2. c4 g6 3. Nc3 Bg7 4. e4 d6 5. Nf3 O-O 6. Be2 Nbd7 7. O-O e5 8. Be3
Re8 9. d5 Nh5 10. g3 Bf8 11. Nh4 Ng7 12. Ng2 f5 13. Qd2 Nf6 14. f3 a5 15. Bg5
Be7 16. Rae1 Kh8 17. Bh4 Nd7 18. Bxe7 Qxe7 19. Nh4 f4 20. Bd3 Nc5 21. Bc2 Nh5
22. Kf2 Bd7 23. b3 Rf8 24. Kg2 b6 25. Qf2 Kg8 26. g4 1/2-1/2